[Event "AUTO-OPEN-782"]
[Site "http://www.queenalice.com/game.php?id=254564"]
[Date "2007.8.12"]
[Round "1"]
[White "JusEstripador"]
[Black "Petruzza"]
[Result "0-1"]
[WhiteElo "1523"]
[BlackElo "1537"]

1. e4 d6 2. Nf3 e5 3. Nc3 g5 4. d3 h6 5. d4 exd4 6. Nxd4 c5 7. Nde2 a5 8. Ng3 h5
9. Nxh5 g4 10. Nf4 b5 11. Nxb5 Ba6 12. Qd5 Bxb5 13. Bxb5+ Nd7 14. b3 Nf6 15. Qd1
Rb8 16. Ba4 Nxe4 17. Qxg4 Rh4 18. Qf3 Ng5 19. Qd1 Bg7 20. Rb1 Bc3+ 21. Bd2 Bxd2+
22. Qxd2 Ne4 23. Qe3 Qe7 24. Nd5 Qe5 25. c4 f5 26. f4 Qd4 27. Qxd4 cxd4 28. Nc7+
Kd8 29. Ne6+ Ke7 30. Nxd4 Nc3 31. Rd1 Nxd1 32. Nxf5+ Kf6 33. Nxh4 Nc3 34. Bxd7
Nxa2 35. g4 Rxb3 36. O-O Ke7 37. Bb5 Nc3 38. Bc6 Ne2+ 39. Kf2 Nxf4 40. Re1+ Kf6
41. Bd7 Nd3+ 42. Ke2 Nxe1 43. Kxe1 Rb7 44. Bf5 a4 45. Nf3 a3 46. g5+ Kxf5 47.
Nd4+ Kxg5 48. Ke2 a2 49. Nc2 Rb2 50. Kd2 Rxc2+ 51. Kxc2 a1=Q 0-1

[Event "AUTO-OPEN-782"]
[Site "http://www.queenalice.com/game.php?id=254565"]
[Date "2007.8.12"]
[Round "1"]
[White "Petruzza"]
[Black "JusEstripador"]
[Result "0-1"]
[WhiteElo "1478"]
[BlackElo "1499"]

1. e3 e5 2. f4 Qe7 3. fxe5 Qxe5 4. Nf3 Qe7 5. d4 d5 6. Nc3 c6 7. a4 Qb4 8. Ne5
f6 9. Qh5+ g6 10. Nxg6 hxg6 11. Qxh8 Nh6 12. Qxf6 Bf5 13. Bd3 Nd7 14. Qg5 b6 15.
Bxf5 gxf5 16. Qg6+ Kd8 17. Qxc6 Rc8 18. Qxd5 Qe7 19. e4 Ng4 20. Qxf5 Nh6 21.
Bxh6 Bxh6 22. Qh5 Bg7 23. Nd5 Qxe4+ 24. Kd2 Qxd4+ 25. Ke2 Rxc2+ 26. Kf3 Be5 27.
Qg5+ Nf6 28. Nxf6 Rf2# 0-1

[Event "AUTO-OPEN-782"]
[Site "http://www.queenalice.com/game.php?id=254567"]
[Date "2007.8.12"]
[Round "1"]
[White "kelton"]
[Black "JusEstripador"]
[Result "1-0"]
[WhiteElo "1007"]
[BlackElo "1494"]

1. e4 e5 2. Bc4 c6 3. Qh5 Nh6 4. Nh3 Bc5 5. Kd1 g6 6. Qxe5+ Be7 7. Qxh8+ Bf8 8.
Qxh7 b5 9. Bxf7+ Nxf7 10. Qxg6 Qe7 11. Re1 Ba6 12. b3 c5 13. Na3 b4 14. Nc4 Nc6
15. Bb2 O-O-O 16. Bf6 Nce5 17. Nxe5 Nxe5 18. Qf5 Qd6 19. Bxe5 Qh6 20. Re3 Kb7
21. Ng5 Qh5+ 22. g4 Qe8 23. Nf7 Ra8 24. a3 Kb6 25. Qf6+ Ka5 26. axb4+ Kxb4 27.
Rxa6 Be7 28. Qf5 Qc8 29. Ra4+ Kb5 30. Bd6 Qe8 31. Qxc5# 1-0

[Event "AUTO-BEG-65"]
[Site "http://www.queenalice.com/game.php?id=257531"]
[Date "2007.8.18"]
[Round "3"]
[White "JusEstripador"]
[Black "rodrigohuii"]
[Result "0-1"]
[WhiteElo "1438"]
[BlackElo "1794"]

1. e4 e5 2. Nf3 Nf6 3. d3 Bc5 4. Nxe5 Nc6 5. Nf3 d6 6. d4 Bb6 7. Bd3 Nxd4 8.
Nxd4 Bxd4 9. O-O O-O 10. h3 Be6 11. c3 Bb6 12. g4 Nd7 13. Na3 Ne5 14. Bc2 Qh4
15. Be3 Bxg4 16. Qd5 Nf3+ 0-1

[Event "AUTO-BEG-65"]
[Site "http://www.queenalice.com/game.php?id=257532"]
[Date "2007.8.18"]
[Round "3"]
[White "rodrigohuii"]
[Black "JusEstripador"]
[Result "1-0"]
[WhiteElo "1792"]
[BlackElo "1440"]

1. e4 e5 2. f4 exf4 3. Nf3 Nc6 4. Bc4 Nf6 5. O-O Nxe4 6. d3 Nf6 7. Bxf4 Bd6 8.
Bxd6 cxd6 9. Nc3 a6 10. Qe2+ Ne7 11. Rae1 O-O 12. Qxe7 Qxe7 13. Rxe7 b5 14. Bb3
Bb7 15. Ng5 d5 16. Nh3 1-0

[Event "AUTO-OPEN-798"]
[Site "http://www.queenalice.com/game.php?id=259636"]
[Date "2007.8.22"]
[Round "1"]
[White "APRENDIZ001"]
[Black "JusEstripador"]
[Result "1-0"]
[WhiteElo "1816"]
[BlackElo "1336"]

1. e4 e5 2. Nf3 Nc6 3. Bb5 Nd4 4. Nxd4 exd4 5. O-O c6 6. Bc4 d5 7. exd5 cxd5 8.
Bd3 Bd6 9. c3 Qf6 10. b4 Nh6 11. Bb5+ Bd7 12. Bxd7+ Kxd7 13. cxd4 1-0

[Event "AUTO-OPEN-798"]
[Site "http://www.queenalice.com/game.php?id=259637"]
[Date "2007.8.22"]
[Round "1"]
[White "JusEstripador"]
[Black "APRENDIZ001"]
[Result "0-1"]
[WhiteElo "1334"]
[BlackElo "1818"]

1. e4 c5 2. d3 Nc6 3. c3 d6 4. g3 g6 5. Nf3 Bg7 6. a4 Nf6 7. d4 Nxe4 8. Ng5 Nf6
9. Qb3 O-O 10. Bc4 d5 11. Be2 c4 12. Qd1 e5 0-1

[Event "AUTO-OPEN-798"]
[Site "http://www.queenalice.com/game.php?id=259649"]
[Date "2007.8.22"]
[Round "1"]
[White "JOROVAS"]
[Black "JusEstripador"]
[Result "1-0"]
[WhiteElo "1554"]
[BlackElo "1511"]

1. e4 e5 2. Nf3 Nc6 3. d3 d5 4. g3 d4 5. Bg5 f6 6. Bd2 g6 7. c3 f5 8. Qa4 dxc3
9. bxc3 a6 10. Bg5 Be7 11. Bxe7 Qxe7 12. d4 Bd7 13. h4 Nxd4 14. Qd1 1-0

[Event "QA-ANNIV-04"]
[Site "http://www.queenalice.com/game.php?id=418525"]
[Date "2008.6.16"]
[Round "1"]
[White "JusEstripador"]
[Black "mds"]
[Result "0-1"]
[WhiteElo "1332"]
[BlackElo "2147"]

1. e3 d5 2. c4 Nf6 3. Nf3 c6 4. Nc3 g6 5. d4 Bg7 6. b4 Bg4 7. a3 e6 8. Qa4 Bxf3
9. gxf3 dxc4 10. b5 cxb5 11. Nxb5 O-O 12. Qxc4 Nc6 13. Qc2 Rc8 14. Qd1 a6 15.
Nc3 Nxd4 16. exd4 Rxc3 0-1